000 01171nam a2200205 a 4500
001 57952
005 20180714054344.0
008 140415s1991 mx 000 0 spa d
020 _a968292832X
041 _aspa
082 _a379.72
_bCAM
100 1 _aCAMACHO SANDOVAL, SALVADOR
245 1 0 _aCONTROVERSIA EDUCATIVA ENTRE LA IDEOLOGIA Y LA FE :
_bLA EDUCACION SOCIALISTA EN LA HISTORIA DE AGUASCALIENTES, 1876 - 1940
250 _a1a ed.
260 _aMEXICO :
_bCONSEJO NACIONAL PARA LA CULTURA Y LAS ARTES,
_c1991
300 _a742
_c13.5 x 1.6 x 21
490 _aCOLECCION TIERRA FIRME
520 _aESTE TRABAJO DE SALVADOR CAMACHO SANDOVAL TRATA DE RECONSTRUIR LA RESPUESTA SOCIAL A ESTE PROYECTO EDUCATIVO DEL ESTADO EN EL CONTEXTO DE UNA SOCIEDAD REGIONAL. EL AUTOR MUESTRA, UTILIZANDO RICAS Y DIVERSAS FUENTES, CŇMO AMPLIOS SECTORES DE LA SOCIEDAD AGUASCALETENSE RECHAZARON ESTA POLĚTICA EDUCATIVA POR SU DISCURSO RADICAL Y ANTIRELIGIOSO; PERO TAMBIEN DOCUMENTA CŇMO LA EDUCACION SOCIALISTA ENCONTRŇ ECO ENTRE CAMPESINOS AGRARISTAS Y OBREROS SINDICALIZADOS QUE SE BENEFICIABAN CON LAS
650 1 4 _aEDUCACION
_xSOCIALISMO
_xCATOLICISMO
999 _c57952
_d57952